Statistics for US Cities That Start With U

Click here to take the quiz!

General Stats

  • This quiz has been taken 340 times
  • The average score is 11 of 33

Answer Stats

2010 PopulationUS city% Correct
5,379Union, KY
76%
10,204Union, MO
76%
6,419Union, OH
76%
8,393Union, SC
76%
69,516Union City, CA
62%
19,456Union City, GA
62%
66.455Union City, NJ
62%
10,895Union City, TN
62%
62,235Utica, NY
59%
73,732Upland, CA
41%
41,250Urbana, IL
39%
11,793Urbana, OH
39%
5,929Unionville, NC
35%
7,542Upton, MA
32%
15,751Uvalde, TX
32%
10,372Uniontown, PA
27%
35,371University City, MO
26%
16,075Ukiah, CA
23%
6,161Ulysses, KS
23%
7,129University Park, IL
21%
23,068University Park, TX
21%
18,530Universal City, TX
20%
39,463Urbandale, IA
17%
33,771Upper Arlington, OH
15%
6,906Umatilla, OR
14%
6,596Upper Sandusky, OH
14%
13,539University Heights, OH
13%
13,457Uxbridge, MA
13%
31,144University Place, WA
11%
5,413Uhrichsville, OH
9%
6,245Union Beach, NJ
7%
6,047Union Gap, WA
7%
8,208Upper Saddle River, NJ
5%

Score Distribution

Percentile by Number Answered

Percent of People with Each Score

Your Score History

You have not taken this quiz